000 01101nmm a2200325 a 4500
001 ocm000754735
003 TR-IsHL
005 20201028142832.0
008 140118s2012 tu tur
007 cr cn
020 _a9783908153856
035 _a754735
_b(N$T)
050 0 4 _aNK3636.5.A2
_bL36 2012
090 0 4 _aNK3636.5.A2
_bL36 2012
100 1 _aLings, Martin,
245 1 0 _aKur'an hat ve tezhibinden parıltılar
_h[electronic resource] /
_cMartin, Lings ; translated by Turan Koç
260 _aİstanbul :
_bİstanbul Ticaret Odası,
_c2012
300 _a459 p.
650 4 _aFelsefe, Psikoloji ve Din
650 4 _aPhilosophy, Psychology and Religion
650 0 _aHat sanatı, Arapça
650 0 _aCalligraphy, Arabic
650 0 _aTezhip, Kitaplar ve el yazmaları
_x İslam
650 0 _aIllumination of books and manuscripts, Islamic
650 0 _aKuran
650 0 _aKoran
650 7 _aART / Techniques / Calligraphy
_2bisacsh
700 1 _aKoç, Turan
856 4 0 _uhttp://search.ebscohost.com/login.aspx?direct=true&scope=site&db=e011xww&AN=754735
999 _c8573
_d8573